Online
Catalog

Búsqueda perenne. / (Record no. 14516)

MARC details
000 -CABECERA
campo de control de longitud fija 00427nam a2200145 a 4500
001 - NÚMERO DE CONTROL
campo de control 000014936
005 - FECHA Y HORA DE LA ÚLTIMA TRANSACCIÓN
campo de control 20200929163928.0
008 - DATOS DE LONGITUD FIJA--INFORMACIÓN GENERAL
campo de control de longitud fija 100127s2002 dr a 000 spa d
040 ## - FUENTE DE LA CATALOGACIÓN
Centro catalogador/agencia de origen DO-SdBNP
Lengua de catalogación spa
Centro/agencia transcriptor BNPHU
100 ## - ENTRADA PRINCIPAL--NOMBRE DE PERSONA
Nombre de persona Bello José, Germania
9 (RLIN) 24886
245 #0 - MENCIÓN DE TÍTULO
Título Búsqueda perenne. /
Mención de responsabilidad, etc. Germania Bello José.
260 ## - PUBLICACIÓN, DISTRIBUCIÓN, ETC.
Lugar de publicación, distribución, etc. Santo Domingo :
Nombre del editor, distribuidor, etc. Tavárez,
Fecha de publicación, distribución, etc. 2002.
300 ## - DESCRIPCIÓN FÍSICA
Extensión 72 p. :
Otras características físicas il. ;
Dimensiones 21 cm.
590 ## - NOTA LOCAL (RLIN)
Nota local Inventariado,2018/DG
Holdings
Estado de retiro Estado de pérdida No para préstamo Código de colección Localización permanente Ubicación/localización actual Ubicación en estantería Fecha de adquisición Número de inventario Total de préstamos Signatura topográfica completa Código de barras Fecha visto por última vez Precio válido a partir de Tipo de ítem Koha
  Extraviado Excluido de préstamo Patrimonio Dominicano General General Extraviado 27.01.2010 LF1   14936-30 25.06.2020 25.06.2020 Libro y Folleto Colección Patrimonio Dominicano
  Extraviado Excluido de préstamo Patrimonio Dominicano General General Extraviado 27.01.2010 LF1   14936-40 25.06.2020 25.06.2020 Libro y Folleto Colección Patrimonio Dominicano
    Excluido de préstamo Patrimonio Dominicano Patrimonio Dominicano Patrimonio Dominicano Depósito 27.01.2010 LF1   14936-10 25.06.2020 25.06.2020 Libro y Folleto Colección Patrimonio Dominicano
  Extraviado Excluido de préstamo Patrimonio Dominicano Patrimonio Dominicano Patrimonio Dominicano Extraviado 27.01.2010 LF1   14936-20 25.06.2020 25.06.2020 Libro y Folleto Colección Patrimonio Dominicano

Powered by Koha